000 00759nam a2200265Ia 4500
003 OSt
005 20221006160214.0
006 a|||||r|||| 00| 0
007 ta
008 221006b |||||||| |||| 00| 0 eng d
020 _a9781932542400
_c
_16.95
024 _a44,609
037 _bGift, Window on Korea
_cTextual
040 _aEASL
_cEASL
_beng
041 _2eng
_aeng
082 _aV495:19(zM).N53, Q0
100 _aGilpatrick Kristin
_9672391
245 0 _aHero next door
_b The Korean war
260 _aMiddleton
_bBadger Books Korea
_c2010
300 _a108p.
_ccm.
490 _v KEL
650 _aKEL
942 _hV495:19(zM).N53, Q0
_cTEXL
_2CC
999 _c1112701
_d1112701